MARC

Tag First Indicator Second Indicator Subfields
LEADER 00000cam a2200000Ia 4500
001 in00002781189
005 20150922111306.0
008 120805s2012 xx a b 000 0 eng d
020 |a 9780833076229 
020 |a 0833076221 
035 |a (OCoLC)ocn805056670 
040 |a BTCTA  |b eng  |c BTCTA  |d OUN  |d TXA  |d UtOrBLW 
049 |a TXAM 
090 |a UB251.U5  |b C66 2012 
100 1 |a Connable, Ben. 
245 1 0 |a Military intelligence fusion for complex operations :  |b a new paradigm /  |c Ben Connable. 
264 1 |a Santa Monica, Calif. :  |b Rand Corp.,  |c 2012. 
300 |a vii, 28 pages :  |b illustrations (some color) ;  |c 28 cm. 
336 |a text  |b txt  |2 rdacontent 
337 |a unmediated  |b n  |2 rdamedia 
338 |a volume  |b nc  |2 rdacarrier 
490 1 |a Occasional paper ;  |v OP-377-RC 
500 |a "National Defense Research Institute." 
504 |a Includes bibliographical references (pages 27-28). 
505 0 |a Assumptions and definitions -- The current analytic paradigm : fusion as a method, not an approach -- Systems analysis is inadequate to understand complex environments -- Analyses in Afghanistan and Iraq have been channelized -- Military intelligence created a "white" intelligence capability -- There is a natural inclination to channelize and focus on the enemy -- Color-coding is a false paradigm that undermines analytic fusion -- A paradigm shift in fusion analysis for complex operations is needed -- Implementing the new paradigm requires both change and compromise -- A new paradigm requires a shift in the analytic workforce dynamic -- Fusion for the "post-COIN" environment. 
650 0 |a Military intelligence  |z United States. 
650 0 |a Military intelligence  |x Methodology. 
650 0 |a Behavioral assessment  |z United States. 
650 0 |a Behavioral assessment  |x Methodology. 
650 0 |a Counterinsurgency  |z United States. 
650 0 |a Counterinsurgency  |x Methodology. 
650 0 |a Counterinsurgency  |x Social aspects. 
710 2 |a National Defense Research Institute (U.S.) 
710 2 |a Rand Corporation. 
830 0 |a Occasional paper (Rand Corporation) ;  |v OP-377-RC. 
856 4 0 |u http://www.rand.org/content/dam/rand/pubs/occasional_papers/2012/RAND_OP377.pdf  |t 0 
948 |a cataloged  |b h  |c 2012/8/16  |d c  |e ceaton  |f 8:57:22 am 
994 |a C0  |b TXA 
999 |a MARS 
999 f f |s f2a83174-057f-3d1e-8af2-1babfe8b8252  |i 9735c6a6-bb17-30b2-a377-8a56151fe435  |t 0 
952 f f |p ric  |a Texas A&M University  |b Rellis Campus  |c Joint Library Facility  |d Remote Storage  |t 0  |e UB251.U5 C66 2012  |h Library of Congress classification  |i unmediated -- volume  |m A14841471429 
998 f f |a UB251.U5 C66 2012  |t 0  |l Remote Storage